Welcome to CU Library Online Public Access Catalogue (OPAC)

Healthy Foods (Record no. 8126)

MARC details
000 -LEADER
fixed length control field 00406nam a22001457a 4500
005 - DATE AND TIME OF LATEST TRANSACTION
control field 20251106132237.0
008 - FIXED-LENGTH DATA ELEMENTS--GENERAL INFORMATION
fixed length control field 251106b |||||||| |||| 00| 0 eng d
020 ## - INTERNATIONAL STANDARD BOOK NUMBER
International Standard Book Number 9788472081475
050 ## - LIBRARY OF CONGRESS CALL NUMBER
Classification number TX353 PAM
100 ## - MAIN ENTRY--PERSONAL NAME
Personal name Pamplona-Roger, George D.
245 ## - TITLE STATEMENT
Title Healthy Foods
Statement of responsibility, etc. George D. Pamplona-Roger
260 ## - PUBLICATION, DISTRIBUTION, ETC.
Place of publication, distribution, etc. Pradillo
Name of publisher, distributor, etc. Editorial Safeliz
Date of publication, distribution, etc. 2009
300 ## - PHYSICAL DESCRIPTION
Extent 383p.
Other physical details ill. color
Dimensions 25cm
942 ## - ADDED ENTRY ELEMENTS (KOHA)
Source of classification or shelving scheme Library of Congress Classification
Koha item type Books
Suppress in OPAC No
999 ## -
-- 8126
-- 8126
Holdings
Withdrawn status Lost status Source of classification or shelving scheme Damaged status Not for loan Collection Home library Current library Shelving location Date acquired Total checkouts Full call number Barcode Date last seen Copy number Price effective from Koha item type
    Library of Congress Classification     Non-fiction Science Library (Miotso) Science Library (Miotso) General stacks 11/06/2025   TX353 PAM SLM00005529 11/06/2025 1 11/06/2025 Books
    Library of Congress Classification     Non-fiction Science Library (Miotso) Science Library (Miotso) General stacks 11/06/2025   TX353 PAM SLM00005530 11/06/2025 2 11/06/2025 Books
© 2023-2024 Copyright: Central University Libraries. All Rights Reserved | Created by: Mahone Tech Office